| 000 | 00540nam a2200169Ia 4500 | ||
|---|---|---|---|
| 005 | 20250424120259.0 | ||
| 008 | 250424s9999 xx 000 0 und d | ||
| 022 | _a20954964 | ||
| 050 | _aR 97.7.C5 .I58/ | ||
| 245 | 0 | _aJournal of integrative medicine | |
| 260 | _aChina | ||
| 260 | _bShanghai association of integrative medicine | ||
| 260 | _c2019 | ||
| 300 | _a386 p. :ill. ; 28 cm. | ||
| 650 | _aMedicine--Periodicals. Medicine--China--Periodicals. Medicine, Chinese--Periodicals. Integrative medicine--Periodicals. | ||
| 942 | _cSR | ||
| 999 |
_c38413 _d38413 |
||